Sports Quiz

Random Sports or Italian Quiz

Top Italian team by Region Quiz Stats

 Plays Quiz not verified by Sporcle

Score 0/20 Timer 04:00
0 Plays Today
Region Team % Correct
PiedmontJuventus
92.5%
LombardyInter Milan
91.3%
LazioRoma
88.8%
CampaniaNapoli
85.7%
SicilyPalermo
77.6%
TuscanyFiorentina
77.6%
LiguriaSampdoria
72.7%
ApuliaBari
67.1%
SardiniaCagliari
66.5%
Friuli-Venezia GiuliaUdinese
62.1%
Region Team % Correct
VenetoChievo Verona
55.9%
UmbriaPerugia
40.4%
Emilia-RomagnaSassuolo
37.3%
AbruzzoPescara
36.6%
CalabriaCrotone
36.6%
MarchesAscoli
28.6%
MoliseCampobasso
26.1%
BasilicataMatera
20.5%
Trentino-South TyrolSudtirol
16.1%
Aosta ValleyAygreville
1.2%

You're not logged in!

Compare scores with friends on all Sporcle quizzes.
OR
Log In

Show Comments

Extras

Top Quizzes Today


Score Distribution

Your Account Isn't Verified!

In order to create a playlist on Sporcle, you need to verify the email address you used during registration. Go to your Sporcle Settings to finish the process.

Report this User

Report this user for behavior that violates our Community Guidelines.

Details: